Statistics for Pokémon with 4x weakness to Electric

Click here to take the quiz!

General Stats

  • This quiz has been taken 57 times
    (34 since last reset)
  • The average score is 7 of 8

Answer Stats

GenAnswer% Correct
IGyarados
92%
IIIPelipper
92%
IIIWingull
92%
VSwanna
84%
VDucklett
80%
IIMantine
80%
IVMantyke
80%
VIIICramorant
76%

Score Distribution

Percentile by Number Answered

Percent of People with Each Score

Your Score History

You have not taken this quiz since the last reset